25 Biggest Cities in France - Statistics

General Stats
  • This quiz has been taken 116 times
  • The average score is 17 of 25
Answer Stats
Population City % Correct
2 150 000 Paris
100%
810 000 Marseille
99%
420 000 Lyon
98%
345 000 Nice
94%
215 000 Bordeaux
93%
175 000 Lille
85%
365 000 Toulouse
85%
250 000 Nantes
80%
255 000 Strasbourg
80%
210 000 Montpellier
71%
155 000 Brest
69%
205 000 Rennes
69%
150 000 Dijon
65%
195 000 Le Havre
59%
185 000 Reims
56%
135 000 Tours
56%
155 000 Grenoble
55%
170 000 Toulon
49%
145 000 Angers
46%
135 000 Nimes
44%
140 000 Clermont-Ferrand
43%
135 000 Limoges
43%
200 000 Saint-Etienne
41%
135 000 Amiens
38%
145 000 Le Mans
38%
No matching quizzes found
Score Distribution
Percent of People with Each Score
Percentile by Number Answered
Your Score History
You have not taken this quiz